00430nam a22001577a 450000500170000000800410001702000180005804000300007605000210010610000240012724500220015125000120017326000560018530000100024165000210025120251208154302.0230404b |||||||| |||| 00| 0 eng d a9781284079630 cChuka University Libraray aQA 76b.W37 2017 aWarford, Stanley J. aComputer Systems/ a5th ed. aBurlington, MA,USAbJones & Bartlett Learningc2017 a824p. acomputer systems